Cities and Global Governance : (Record no. 16429)
[ view plain ]
| 000 -LEADER | |
|---|---|
| fixed length control field | 02224cam a2200325 a 4500 |
| 001 - CONTROL NUMBER | |
| control field | 16606044 |
| 005 - DATE AND TIME OF LATEST TRANSACTION | |
| control field | 20111116090143.0 |
| 008 - FIXED-LENGTH DATA ELEMENTS--GENERAL INFORMATION | |
| fixed length control field | 110110s2011 enka b 001 0 eng |
| 020 ## - INTERNATIONAL STANDARD BOOK NUMBER | |
| International Standard Book Number | 9781409408932 (hardback : alk. paper) |
| 020 ## - INTERNATIONAL STANDARD BOOK NUMBER | |
| International Standard Book Number | 9781409408949 (ebk. : alk. paper) |
| 040 ## - CATALOGING SOURCE | |
| Original cataloging agency | DLC |
| Transcribing agency | DLC |
| Modifying agency | DLC |
| 082 00 - DEWEY DECIMAL CLASSIFICATION NUMBER | |
| Classification number | 327.1 |
| Edition number | 23 |
| Item number | CIT |
| 245 00 - TITLE STATEMENT | |
| Title | Cities and Global Governance : |
| Remainder of title | New Sites for International Relations / |
| Statement of responsibility, etc | edited by Mark Amen ... [et al.]. |
| 260 ## - PUBLICATION, DISTRIBUTION, ETC. (IMPRINT) | |
| Place of publication, distribution, etc | Farnham, Surrey ; |
| -- | Burlington, VT : |
| Name of publisher, distributor, etc | Ashgate, |
| Date of publication, distribution, etc | 2011. |
| 300 ## - PHYSICAL DESCRIPTION | |
| Extent | xiv, 226 p. : |
| Other physical details | ill. ; |
| Dimensions | 24 cm. |
| 490 0# - Series Statement | |
| Series statement | Global interdisciplinary studies series |
| -- | 28760 |
| 504 ## - BIBLIOGRAPHY, ETC. NOTE | |
| Bibliography, etc | Includes bibliographical references and index. |
| 505 0# - FORMATTED CONTENTS NOTE | |
| Formatted contents note | Sighting or slighting cities in international relations -- The emerging global landscape and the new role of the globalizing city regions -- Paradiplomacy in the developing world: the case of Brazil -- The emergence of cross-border regions and Canadian-United States relations -- The evolution of city indicators: challenges and progress -- Auditing cities through circles of sustainability -- Cities, the environment, and global governance: a political ecological perspective -- Cities and global environmental NGOs: emerging transnational urban networks? -- The global city today: advantages of specialization and costs of financialization -- World city networks: measurement, social organization, global governance, and structural change -- Concluding remarks. |
| 650 #0 - SUBJECT ADDED ENTRY--TOPICAL TERM | |
| Topical term or geographic name as entry element | Subnational governments |
| General subdivision | Foreign relations. |
| 9 (RLIN) | 28761 |
| 650 #0 - SUBJECT ADDED ENTRY--TOPICAL TERM | |
| Topical term or geographic name as entry element | Subnational governments |
| General subdivision | Foreign relations |
| Form subdivision | Case studies. |
| 9 (RLIN) | 28762 |
| 650 #0 - SUBJECT ADDED ENTRY--TOPICAL TERM | |
| Topical term or geographic name as entry element | Municipal government |
| General subdivision | International cooperation. |
| 9 (RLIN) | 28763 |
| 650 #0 - SUBJECT ADDED ENTRY--TOPICAL TERM | |
| Topical term or geographic name as entry element | Municipal government |
| General subdivision | International cooperation |
| Form subdivision | Case studies. |
| 9 (RLIN) | 28764 |
| 650 #0 - SUBJECT ADDED ENTRY--TOPICAL TERM | |
| Topical term or geographic name as entry element | Globalization |
| General subdivision | Political aspects. |
| 9 (RLIN) | 28765 |
| 650 #0 - SUBJECT ADDED ENTRY--TOPICAL TERM | |
| Topical term or geographic name as entry element | Globalization |
| General subdivision | Political aspects |
| Form subdivision | Case studies. |
| 9 (RLIN) | 28766 |
| 653 ## - INDEX TERM--UNCONTROLLED | |
| Resource For college | |
| Arrived date list | February2012 |
| 700 1# - ADDED ENTRY--PERSONAL NAME | |
| Personal name | Amen, Michael Mark, |
| Dates associated with a name | 1944- |
| 9 (RLIN) | 28767 |
| 942 ## - ADDED ENTRY ELEMENTS (KOHA) | |
| Source of classification or shelving scheme | Dewey Decimal Classification |
| Item type | Book - Borrowing |
| Withdrawn status | Item status | Source of classification or shelving scheme | Damaged status | Not for loan | Vendor | Home library | Current library | Shelving location | Date acquired | Source of acquisition | Cost, normal purchase price | Serial Enumeration / chronology | Total Checkouts | Total Renewals | Full call number | Barcode | Date last seen | Date last borrowed | Koha item type |
|---|---|---|---|---|---|---|---|---|---|---|---|---|---|---|---|---|---|---|---|
| Dewey Decimal Classification | MERIC | Central Library | Central Library | First floor | 09/02/2012 | 616.00 | 31368 | 1 | 5 | 327.1 CIT | 000026040 | 15/07/2025 | 17/11/2013 | Book - Borrowing |